Statistics for 5 Countries With the Most Exports by Continent

Click here to take the quiz!

General Stats

  • This quiz has been taken 451 times
  • The average score is 27 of 30

Answer Stats

Answer % Correct
Germany
99%
China
99%
France
98%
Brazil
98%
Mexico
98%
Canada
98%
Italy
97%
Argentina
97%
UK
97%
USA
97%
Colombia
96%
Japan
96%
New Zealand
95%
Chile
95%
Australia
95%
South Africa
95%
Egypt
94%
Russia
94%
South Korea
93%
Venezuela
92%
Nigeria
89%
Fiji
87%
Papua New Guinea
84%
Algeria
83%
Panama
83%
Netherlands
78%
Solomon Islands
72%
Singapore
66%
Angola
48%
Trinidad And Tobago
42%

Score Distribution

Percentile by Number Answered

Percent of People with Each Score

Your Score History

You have not taken this quiz